000
00305nam a2200121Ia 4500
008
210428s9999 xx 000 0 und d
082
_a
531.1134 B223 I
100
_a
H.A. Barnes
_9
52226
245
3
_a
An Introduction to Rheology
260
_b
photo cope
_a
Islamabad
_c
1989
300
_a
199p
942
_c
BK
999
_c
560001
_d
560001